| 000 | 01201nam a22003617a 4500 | ||
|---|---|---|---|
| 003 | CHAP | ||
| 005 | 20220817044354.0 | ||
| 008 | 100909s20097 it ab rn 00010 eng d | ||
| 010 | _a99238 | ||
| 011 | _a100210 | ||
| 020 | _a9789251065112 | ||
| 035 | _a110896 | ||
| 040 | _cCHAP | ||
| 082 | 0 | 4 |
_a639.3 _bF3y v.536 |
| 110 | 2 | _aFAO | |
| 245 | 1 | 0 |
_aInternational management of tuna fisheries : _barrangements, challenges and a way forward _c/by Robin Allen |
| 260 |
_aRome : _bFAO, _c2010 |
||
| 300 |
_aviii, 45 p. : _bGráf., mapas, tablas |
||
| 490 | 0 |
_aFAO. Pesca y la acuicultura documento técnico _v; 536 |
|
| 590 |
_aBATCH-UPD _b10 _c20130110 _lUCH01 _h1112 |
||
| 590 |
_aBATCH-UPD _b10 _c20130410 _lUCH01 _h0703 |
||
| 590 |
_aBATCH-UPD _b10 _c20130914 _lUCH01 _h0304 |
||
| 590 |
_aCONVERSION _b10 _c20130109 _lUCH01 _h1355 |
||
| 650 | 1 | 4 |
_aAdministracion pesquera. _9933 |
| 650 | 1 | 4 |
_aAtún. _98265 |
| 650 | 1 | 4 |
_aPesca marina. _987438 |
| 650 | 1 | 4 | _aRecursos marinos. |
| 700 | 1 |
_aAllen, Robin _94407 |
|
| 830 | 0 |
_aFAO. Pesca y la acuicultura documento técnico _v; 536 _939646 |
|
| 901 | _aBK | ||
| 942 | _cLIBRO | ||
| 949 |
_a639.8 F35y v.536 _bBC _cFAO _d33724002176660 _eFAO1 _h113415 _i110896 _sb |
||
| 999 |
_c99238 _d99238 |
||